| 000 | 00552cab a2200229 4500 | ||
|---|---|---|---|
| 001 | ABS60488 | ||
| 008 | 090401t1999 xxu||||| |||| 00| 0 eng d | ||
| 035 | _a(Sirsi) u93260 | ||
| 041 | _aeng | ||
| 245 | _aLettings made by Registered Social Landlords | ||
| 260 | _c1999 | ||
| 350 | _a0 | ||
| 490 |
_aRoof _v24 (3) May/June 1999, supplement 1-6(6) |
||
| 650 | _aFIGURES | ||
| 650 | _aLETTINGS | ||
| 650 | _aREGISTERED SOCIAL LANDLORDS | ||
| 650 | _aRSLS | ||
| 650 | _aSTATISTICS | ||
| 690 | _aHOUSING | ||
| 942 | _n0 | ||
| 948 | _c11/05/1999 | ||
| 999 |
_c59113 _d59113 |
||